00513nam a22001697a 450000500170000000800410001702000270005804000090008504100120009408200210010610000210012724500810014826000350022930000080026465000480027270000230032020260523162941.0260523b |||||||| |||| 00| 0 eng d a9789386906717c1500.00 aMAIN aEnglish a333.9516095bPAN aPandey, Sanjeeva aGreat Himalayan National Park b: The Struggle To Save The Western Himalayas aNew Delhi bNiyogi Booksc2019 a364 aUttarakhand Collection; Himalaya Collection aGaston, Anthony J.